| 000 | 00502nam a22001937a 4500 | ||
|---|---|---|---|
| 003 | OSt | ||
| 005 | 20160914151116.0 | ||
| 008 | 160914b xxu||||| |||| 00| 0 eng d | ||
| 020 | _a0750632429 | ||
| 040 | _cDDC. | ||
| 082 | _a005MCB 1997. | ||
| 100 |
_aMcbride ,K.Peter; _911064 |
||
| 245 | _aPascal Made Simple. | ||
| 260 |
_aOxford. _bHeinemann Publishers. _c1997. |
||
| 300 |
_aix,195p; _bill; _c25cm. |
||
| 504 | _aincludes index | ||
| 650 |
_aProgramming Languages _910574 |
||
| 942 |
_2ddc _cO_SHELF |
||
| 999 |
_c5206 _d5206 |
||